Time for change (Record no. 80682)

MARC details
000 -LEADER
fixed length control field 00854cab a22001935a 4500
001 - CONTROL NUMBER
control field L145032
008 - FIXED-LENGTH DATA ELEMENTS--GENERAL INFORMATION
fixed length control field 080902e20080808xxk f v 000 0 eng d
035 ## - SYSTEM CONTROL NUMBER
System control number (Sirsi) u145032
041 0# - LANGUAGE CODE
Language code of text/sound track or separate title eng
100 1# - MAIN ENTRY--PERSONAL NAME
Personal name Charlesworth, Gillian
245 00 - TITLE STATEMENT
Title Time for change
260 ## - PUBLICATION, DISTRIBUTION, ETC.
Date of publication, distribution, etc. 2008
490 #0 - SERIES STATEMENT
Series statement New Law Journal
Volume/sequential designation 158(7333) 8 August 2008, 1143(1) (Property Law Supplement)
520 ## - SUMMARY, ETC.
Summary, etc. Summarises the Royal Institution of Chartered Surveyors' July 2008 proposals to reform the UK stamp duty system. Highlights the proposal for a two-tier marginal system and its likely effect on home buyers. Discusses proposals for a stamp duty holiday and for requiring investors to pay the duty on the basis of each property's average value.
590 ## - LOCAL NOTE (RLIN)
Local note KA
651 #4 - SUBJECT ADDED ENTRY--GEOGRAPHIC NAME
Geographic name United Kingdom
Chronological subdivision
690 ## - LOCAL SUBJECT ADDED ENTRY--TOPICAL TERM (OCLC, RLIN)
Topical term or geographic name as entry element PROPERTY-PROPERTY TAXATION-STAMP DUTY LAND TAX
942 ## - ADDED ENTRY ELEMENTS (KOHA)
Suppress in OPAC 0
Holdings
Withdrawn status Lost status Source of classification or shelving scheme Damaged status Not for loan Home library Current library Shelving location Date acquired Total Checkouts Full call number Barcode Date last seen Copy number Price effective from Koha item type
    Dewey Decimal Classification     London London Journal article 02/09/2008   L145032 145032-1001 06/08/2019 1 06/08/2019 Journal article